| 000 | 00854nam a2200265 a 4500 | ||
|---|---|---|---|
| 008 | |||
| 020 | _a0751701947(pbk.) | ||
| 049 | _aMAIN | ||
| 090 | _aHF5635.M4 ACCA. | ||
| 245 | 0 | 0 |
_aACCA study text Professional Paper 10: _bAccounting and Audit Practice/ _cAssociation of Chartered Certified Accountants. |
| 250 | _a8th ed. | ||
| 260 |
_aLondon : _bBPP Publishing, _c2000. |
||
| 300 |
_axxii, 294 p. : _bill. ; _c30 cm. |
||
| 440 | _aBPP Publishing Books. | ||
| 500 | _aIncludes index. | ||
| 500 | _a"For June 2001 and December 2000 exams." | ||
| 650 | 0 | _aAccounting | |
| 650 | 0 | _aAccounting. | |
| 710 | 2 | _aAssociation of Chartered Certified Accountants. | |
| 907 |
_a.b10242557 _b16-05-07 _c04-05-07 |
||
| 003 | |||
| 005 | 20230123134438.0 | ||
| 040 | _cNUST | ||
| 942 |
_cBOOKS _kHF5635.M4 ACCA. |
||
| 999 |
_c166060 _d166060 |
||